000 00863nam a2200265 a 4500
001 000001837
005 20250714091948.0
008 090629s1976 sp 000 0 spa d
020 _a8428005885
040 _aDO-SdBNP
082 _a335.4
_bR958p
100 1 _aRuss, Jacqueline
_95983
245 1 4 _aLos precursores de Marx :
_bquienes fueron, que pensaron /
_cJacqueline Russ ; versión española Pere Núñez.
260 _aBarcelona, :
_bNova Terra,
_c1976.
300 _a423 p. ;
_c19 cm.
440 0 _aNueva síntesis
_95984
500 _aIncluye índice
504 _aIncluye referencias bibliográficas
534 _pTítulo original
_tPour connaitre la pensée des precurseurs de Marxs
650 0 _aSocialismo
_9287
650 4 _aFilosófia marxista
_9846
650 4 _aUtopia
_xHistoria.
_95985
700 1 _aNúñez, Pere,
_95986
049 _aBNPD
999 _c1714
_d1714